000 00317nam a2200133Ia 4500
008 191201s2010 xx 000 0 und d
100 _aGULATI, Neelam C
245 0 _aPrinciple of Insurance Management
250 _aRep
260 _aN. Delhi
_bExcel Books
_c2010
300 _a342
650 _aMBA
942 _2ddc
_cBK
999 _c5138
_d5138